Estimates Committee (1966-67): Hundred and twelfth Report (Third Lok Sabha, Ministry of Commerce) (Record no. 74694)
[ view plain ]
| 000 -LEADER | |
|---|---|
| fixed length control field | 00288nam a22000977a 4500 |
| 245 ## - TITLE STATEMENT | |
| Title | Estimates Committee (1966-67): Hundred and twelfth Report (Third Lok Sabha, Ministry of Commerce) |
| 260 ## - PUBLICATION, DISTRIBUTION, ETC. (IMPRINT) | |
| Place of publication | New Delhi |
| Name of publisher | Lok Sabha Secretariat |
| 300 ## - PHYSICAL DESCRIPTION | |
| Number of Pages | 34p. |
| 500 ## - GENERAL NOTE | |
| General note | Copy from NET |
| 942 ## - ADDED ENTRY ELEMENTS (KOHA) | |
| Koha item type | Books |
| Withdrawn status | Lost status | Damaged status | Not for loan | Home library | Current library | Date acquired | Accession Number | Koha item type |
|---|---|---|---|---|---|---|---|---|
| RRII Library | RRII Library | 13/06/2022 | G01657 | Books |